000 00709nam a2200217 a 4500
001 000042215
005 20201002040019.0
008 131119s2013 dr r 000 p spa d
020 _a9789945583014
040 _aDO-SdBNP
_bspa
_cBNPHU
082 _aCo861.44
_bS161g
100 1 _aSalazar, Oscar,
_d1958-
_969234
245 1 0 _aGrandes poemas de amor y de vida /
_cOscar Salazar.
260 _aSanto Domingo :
_bSantuario,
_c2013.
300 _a88 p. ;
_c23 cm.
500 _aIncluye datos biográficos del autor en la solapa de la cubierta.
590 _aInventariado, 2018/BT
650 4 _aPoesía colombiana
_93742
650 4 _aLiteratura colombiana
_91244
910 _aValidado. Control de calidad. MFF
999 _c41704
_d41704